| 000 | 00886nam a2200277Ia 4500 | ||
|---|---|---|---|
| 001 | Z_525 | ||
| 003 | CHAP | ||
| 008 | 220113s1989 xx 000 0 und d | ||
| 010 | _a163502 | ||
| 040 | _cCHAP | ||
| 090 | _aTesis M 474 | ||
| 100 |
_aMartínez Velázquez, Guillermo _972609 |
||
| 245 |
_aEfectos genéticos, aditivos individuales de razas bovinas para características de crecimiento en el trópico / _cpor Guillermo Martínez Velázquez |
||
| 260 |
_aChapingo, Méx. : _bEl autor, _c1989 |
||
| 300 | _a70 h. | ||
| 502 | _aTesis (Maestro en Ciencias Esp. en Producción Animal) -- UACH. Departamento de Zootecnia | ||
| 650 |
_aGanado vacuno _xCrecimiento _945450 |
||
| 650 |
_aGanado vacuno _xGenética _945470 |
||
| 650 |
_aGanado vacuno _xTrópicos _945522 |
||
| 901 | _aTESIS M 474 | ||
| 902 | _aM | ||
| 910 | _a1989 | ||
| 942 | _c2 | ||
| 942 | _c2 | ||
| 999 |
_c163502 _d163502 |
||